Sổ tay sử dụng hợp lý xi măng
Sách phục vụ chủ yếu cho những người không có chuyên môn về xây dựng muốn tìm hiểu các vấn đề về xây dựng và tra cứu những vấn đề cần thiết khi dùng ximăng.
Сохранить в:
| Главный автор: | |
|---|---|
| Формат: | |
| Язык: | Undetermined |
| Опубликовано: |
Hà Nội
Khoa học và kỹ thuật
2006
|
| Предметы: | |
| Метки: |
Добавить метку
Нет меток, Требуется 1-ая метка записи!
|
| Thư viện lưu trữ: | Trung tâm Học liệu Trường Đại học Cần Thơ |
|---|
| LEADER | 00825nam a2200205Ia 4500 | ||
|---|---|---|---|
| 001 | CTU_128080 | ||
| 008 | 210402s9999 xx 000 0 und d | ||
| 020 | |c 13000 | ||
| 082 | |a 620.135 | ||
| 082 | |b Đ450 | ||
| 100 | |a Nguyễn, Bá Đô | ||
| 245 | 0 | |a Sổ tay sử dụng hợp lý xi măng | |
| 245 | 0 | |c Nguyễn Bá Đô | |
| 260 | |a Hà Nội | ||
| 260 | |b Khoa học và kỹ thuật | ||
| 260 | |c 2006 | ||
| 520 | |a Sách phục vụ chủ yếu cho những người không có chuyên môn về xây dựng muốn tìm hiểu các vấn đề về xây dựng và tra cứu những vấn đề cần thiết khi dùng ximăng. | ||
| 650 | |a Cement,Xi măng | ||
| 904 | |i Tuyến | ||
| 980 | |a Trung tâm Học liệu Trường Đại học Cần Thơ | ||